Morgan Wallen's "Dangerous: The Double Album" - Statistics

General Stats
  • This quiz has been taken 63 times
  • The average score is 12 of 29
Answer Stats
Track Number Answer % Correct
18 Dangerous
79%
1 Sand in My Boots
65%
2 Wasted On You
63%
14 7 Summers
60%
13 Cover Me Up
51%
7 Neon Eyes
49%
6 Warning
49%
3 Somebody's Problem
47%
5 865
44%
27 Silverado for Sale
44%
22 This Bar
44%
15 More Than My Hometown
42%
26 Need a Boat
42%
11 Your Bartender
40%
8 Outlaw
37%
30 Quittin' Time
37%
10 Wonderin' Bout the Wind
37%
29 Livin' the Dream
35%
17 Rednecks, Red Letters, Red Dirt
35%
12 Only Thing That's Gone
33%
19 Beer Don't
30%
28 Heartless
30%
25 Me on Whiskey
28%
16 Still Goin Down
28%
20 Blame It on Me
26%
4 More Surprised Than Me
26%
24 Whatcha Think of Country Now
26%
21 Somethin' Country
23%
9 Whiskey'd My Way
23%
No matching quizzes found
Score Distribution
Percent of People with Each Score
Percentile by Number Answered
Your Score History
You have not taken this quiz